000 00219nam a22000857a 4500
008 161108b xxu||||| |||| 00| 0 eng d
100 _91066
_aPandey.V.K.
245 _aInformation Technology-VI
260 _aNew Delhi
_bAPC
_c2012
999 _c3723
_d3723